<?xml version="1.0" encoding="UTF-8"?>
<collection xmlns="http://www.loc.gov/MARC21/slim">
 <record>
  <leader>00881pam a22002418a 4500</leader>
  <controlfield tag="001">00021105</controlfield>
  <controlfield tag="005">20180921080923.0</controlfield>
  <controlfield tag="008">110522s2000                  ||||||Viesd</controlfield>
  <datafield tag="020" ind1="#" ind2="#">
   <subfield code="c">60000</subfield>
  </datafield>
  <datafield tag="041" ind1="0" ind2="#">
   <subfield code="a">Vie-Eng</subfield>
  </datafield>
  <datafield tag="082" ind1="1" ind2="#">
   <subfield code="a">621.390 3</subfield>
   <subfield code="b">T550Đ</subfield>
  </datafield>
  <datafield tag="100" ind1="0" ind2="#">
   <subfield code="a">Phùng Quang Nhượng</subfield>
  </datafield>
  <datafield tag="245" ind1="0" ind2="0">
   <subfield code="a">Từ điển viết tắt Tin học - Điện tử - Viễn thông Anh Việt</subfield>
   <subfield code="c">Phùng Quang Nhượng</subfield>
  </datafield>
  <datafield tag="260" ind1="#" ind2="#">
   <subfield code="a">H.</subfield>
   <subfield code="b">Khoa học và kỹ thuật</subfield>
   <subfield code="c">2000</subfield>
  </datafield>
  <datafield tag="300" ind1="#" ind2="#">
   <subfield code="a">468 tr.</subfield>
   <subfield code="c">21 cm</subfield>
  </datafield>
  <datafield tag="650" ind1="#" ind2="7">
   <subfield code="2">Tiếng Anh</subfield>
   <subfield code="a">Tiếng Việt</subfield>
  </datafield>
  <datafield tag="653" ind1="#" ind2="#">
   <subfield code="a">Tin học</subfield>
  </datafield>
  <datafield tag="653" ind1="#" ind2="#">
   <subfield code="a">Từ điển</subfield>
  </datafield>
  <datafield tag="653" ind1="#" ind2="#">
   <subfield code="a">Điện tử viễn thông</subfield>
  </datafield>
  <datafield tag="852" ind1="#" ind2="#">
   <subfield code="b">Kho đọc</subfield>
  </datafield>
  <datafield tag="852" ind1="#" ind2="#">
   <subfield code="j">KD.0007516</subfield>
   <subfield code="j">KM.0026418</subfield>
   <subfield code="j">KM.0026333</subfield>
   <subfield code="j">KM.0026332</subfield>
   <subfield code="j">KM.0026334</subfield>
  </datafield>
  <datafield tag="910" ind1="#" ind2="#">
   <subfield code="a">Hoa Lê</subfield>
   <subfield code="d">22/05/2011</subfield>
  </datafield>
  <datafield tag="980" ind1="#" ind2="#">
   <subfield code="a">Trung tâm Học liệu Lê Vũ Hùng, Trường Đại học Đồng Tháp</subfield>
  </datafield>
 </record>
</collection>
